000 00375nam a2200145Ia 4500
008 230917s9999||||xx |||||||||||||| ||und||
040 _e195078
_aMAIN
041 _aEnglish
082 _a647.94068 N622P
100 _aNinemeier, Jack D
245 0 _aProcurement of hospitality resources
260 _aBoston
_bPrentice Hall
_c2010
300 _axxiii, 600 p.
942 _cBK
999 _c164950
_d164950